000 00806nas a2200253 4500
001 BR0706138
003 BR-BrBNA
005 20231205111257.0
007 ta
008 230509b bl.|||p| |||| 00| 00por d
040 _aBR-BrBNA
_bpor
_cBiblioteca Nacional de Agricultura
041 _a(Pt)
072 _aH10
100 1 _aDelabie, J.H.C.
245 1 _aFormigas associadas aos nectários extraflorais de Epidendrum cinnabarinum Salzm. (Orchidaceae)numa área de restinga na Bahia
650 _aPRAGA DE PLANTA
650 _aFORMIGA
650 _aORQUÍDEA
650 _aRESTINGA
650 _aBAHIA
773 0 _tAnais da Sociedade Entomológica do Brasil (Brazil)
_xISSN 0301-8059
_g(1995), v. 24(3) p. 479-487
_wBR0706138
909 _a202311
_bLúcia
_c55
_dLúcia Elande
942 _2AGRIS
_n0
_cANA
999 _c191787
_d191787